LEADER 01185nam a2200277 a 4500 001 000000123677 003 CaOOAMICUS 005 20101110122131.0 008 101110t2010 it u000 u ita r 040 $aPUL$bita 082 04$a853.9 100 1 $aFallaci, Oriana,$d1929-2006.$0(OLS)http://pul/name/68576 245 13$aUn uomo /$cOriana Fallaci ; prefazione di Domenico Procacci. 260 $aMilano :$bR.C.S. Quotidiani,$cİ2010. 300 $aIX, 657 p. ;$c20 cm. 490 1 $aOpere di Oriana Fallaci ;$v2 500 $aEd. speciale per il Corriere della Sera. 700 1 $aProcacci, Domenico.$0(OLS)http://pul/name/77945 800 1 $aFallaci, Oriana,$d1929-2006.$tOpere di Oriana Fallaci ;$v2.$0(OLS)http://pul/nameTitle/1365$0(OLS)http://pul/name/68576$0(OLS)http://pul/title/155887 850 $aPUL 852 $aPUL$W1$xSL Filosofia 3$y81$m853. 9 FALOR 1.2$j142427$qDDC 21$B141383$CPULBib$Z2$F141383 $H115094 $82 941 1 $a9 996 $6082$a853.9$9(OLS)http://pul/classification/751 996 $6245$aUn uomo$9(OLS)http://pul/title/141648 996 $6260$aMilano :$bR.C.S. Quotidiani$9(OLS)http://pul/publisher/79195 LEADER 01393nam a2200313 a 4500 001 000000122161 003 CaOOAMICUS 005 20100608125620.0 008 100608s1978 it u000 u ita r 040 $aPUL$bita$delep 041 1 $aita$heng 100 1 $aCobb, John B.,$d1925-$0(OLS)http://pul/name/76603 240 10$aProcess Theology. An Introductory Exposition.$lItaliano.$0(OLS)http://pul/title/153720 245 10$aTeologia del processo :$buna esposizione introduttiva /$cJohn B. Cobb, Jr., David Ray Griffin ; traduzione dall'americano e postface di Giuseppe Grampa. 260 $aBrescia :$bQueriniana,$cc1978. 300 $a240 p. ;$c19 cm 490 1 $aGiornale di teologia ;$v112 500 $aInclude indice. 504 $aRiferimenti bibliografici in nota. 650 4$aTeologia.$0(OLS)http://pul/subject/118 700 1 $aGrampa, Giuseppe.$0(OLS)http://pul/name/3407 700 1 $aGriffin, David Ray.$0(OLS)http://pul/name/76607 830 0$aGiornale di teologia ;$v112.$0(OLS)http://pul/title/9027 850 $aPUL 852 $aPUL$W1$xSL Religione 3$y85$m200 GDT 1.112$j140195$qDDC 21$B139382$CPULBib$Z2$F139382 $H47014 $82 941 1 $a9 983 0$aGdT. 996 $6245$aTeologia del processo :$buna esposizione introduttiva$9(OLS)http://pul/title/153718 996 $6260$aBrescia :$bQueriniana$9(OLS)http://pul/publisher/47906